Analyze of European Primary Bond Market

Analýza európskeho trhu dlhopisov. Porovnanie primárneho európskeho trhu dlhopisov s ostatnými svetovými trhmi dlhopisov. Radikálna zmena európskeho trhu dlhopisov s príchodom Európskej únie a rast konkurencieschopnosti voči americkým dlhopisovým trhom vďaka voľnému pohybu kapitálu a zavedeniu Eura...

Ausführliche Beschreibung

Gespeichert in:
Bibliographische Detailangaben
1. Verfasser: Rudášová, Zuzana
Weitere Verfasser: Kozel, Roman
Format: Buchkapitel
Sprache:Englisch
Schlagworte:
Tags: Tag hinzufügen
Keine Tags, Fügen Sie das erste Tag hinzu!

MARC

LEADER 00000naa$a2200000$$$4500
001 0271148
005 20240502074247.4
041 0 |a eng 
044 |a SK 
245 1 0 |a Analyze of European Primary Bond Market  |c Zuzana Rudášová, Roman Kozel 
520 |a Analýza európskeho trhu dlhopisov. Porovnanie primárneho európskeho trhu dlhopisov s ostatnými svetovými trhmi dlhopisov. Radikálna zmena európskeho trhu dlhopisov s príchodom Európskej únie a rast konkurencieschopnosti voči americkým dlhopisovým trhom vďaka voľnému pohybu kapitálu a zavedeniu Eura ako spoločnej meny. Vplyv kríz vyúsťujúcich do efektívnosti dôveryhodnosti emitentov dlhopisov, napr. bankového sektoru, firiem, vyšších teritórií a hospodárskeho rastu. 
610 2 0 |a trh finančný medzinárodný 
610 2 0 |a dlhopisy 
610 2 0 |a euro 
610 2 0 |a euromena 
610 2 0 |a eurozóna 
610 2 0 |a Európska únia 
610 2 0 |a USA 
610 2 0 |a riziko investičné 
610 2 0 |a analýza komparatívna 
100 1 |a Rudášová, Zuzana 
700 1 |a Kozel, Roman